000 00279nam a22001337a 4500
008 171222b xxu||||| |||| 00| 0 eng d
020 _a9780691025254
041 _aeng
080 _a51
100 _a38
101 _aMAT
245 _aFLATLAND
_cBANCHOFF,TH
942 _2udc
_cBK
999 _c39345
_d39345